000 00299nam a2200121Ia 4500
008 220204s9999 xx 000 0 und d
082 _a628
_bDES
100 _aR S
245 0 _aTextbook of sanitary engineering
260 _aPoona
_bUnited Book
_c1951
650 _aSanitary engineering
942 _cBK
999 _c23075
_d23075